[Event "CZE-ch 2020"]
[Site "Pilsen"]
[Date "2020.08.24"]
[Round "2.15"]
[White "Michalik, Peter"]
[Black "Kawulok, Marek"]
[Result "1/2-1/2"]
[WhiteElo "2593"]
[BlackElo "2226"]
[Annotator "ChessBase"]
[PlyCount "73"]
[EventDate "2020.08.23"]
[EventType "swiss"]
[EventCountry "CZE"]
[SourceTitle "playchess.com"]
[Source "ChessBase"]
[SourceQuality "1"]
[TimeControl "40/5400+30:1800+30"]

1. d4 {[%emt 0:00:00]} Nf6 {[%emt 0:00:00]} 2. c4 {[%emt 0:00:00]} g6 {[%emt 0:00:00]} 3. g3 {[%emt 0:00:00]} Bg7 {[%emt 0:00:00]} 4. Bg2 {[%emt 0:00:00]} O-O {[%emt 0:00:00]} 5. Nc3 {[%emt 0:00:02]} d6 {[%emt 0:00:01]} 6. Nf3 {[%emt 0:00:06]} Nc6 {[%emt 0:00:11]} 7. O-O {[%emt 0:00:24]} a6 {[%emt 0:00:34]} 8. d5 {[%emt 0:00:45]} Na5 {[%emt 0:00:27]} 9. b3 {[%emt 0:00:29]} c5 {[%emt 0:01:12]} 10. dxc6 {[%emt 0:00:40]} Nxc6 {[%emt 0:00:39]} 11. Bg5 {[%emt 0:00:20]} Bf5 {[%emt 0:11:17]} 12. Rc1 {[%emt 0:06:44]} Ne4 {[%emt 0:05:12]} 13. Nxe4 {[%emt 0:00:13]} Bxe4 {[%emt 0:00:05]} 14. Qd2 {[%emt 0:00:12]} Qb6 {[%emt 0:14:09]} 15. Bh6 {[%emt 0:07:53]} Bxh6 {[%emt 0:09:30]} 16. Qxh6 {[%emt 0:00:06]} Bxf3 {[%emt 0:00:04]} 17. exf3 {[%emt 0:00:24]} Nd4 {[%emt 0:00:30]} 18. Qd2 {[%emt 0:02:24]} e5 {[%emt 0:04:17]} 19. Rfe1 {[%emt 0:05:48]} Rfe8 {[%emt 0:01:54]} 20. h4 {[%emt 0:00:37]} Ne6 {[%emt 0:15:08]} 21. Rcd1 {[%emt 0:03:29]} Rad8 {[%emt 0:00:16]} 22. h5 {[%emt 0:00:16]} Qc7 {[%emt 0:01:26]} 23. f4 {[%emt 0:15:30]} exf4 {[%emt 0:09:27]} 24. gxf4 {[%emt 0:00:07]} Qe7 {[%emt 0:00:04]} 25. hxg6 {[%emt 0:03:45]} hxg6 {[%emt 0:00:14]} 26. f5 {[%emt 0:00:11]} gxf5 {[%emt 0:00:27]} 27. Qh6 {[%emt 0:00:51]} Qf8 {[%emt 0:08:01]} 28. Qf6 {[%emt 0:00:11]} Qg7 {[%emt 0:02:38]} 29. Qxf5 {[%emt 0:00:12]} Nd4 {[%emt 0:00:21]} 30. Qd3 {[%emt 0:00:40]} Re5 {[%emt 0:00:17]} 31. Re3 {[%emt 0:06:19]} Rxe3 {[%emt 0:05:59]} 32. Qxe3 {[%emt 0:00:12]} Ne6 {[%emt 0:01:34]} 33. Rd3 {[%emt 0:03:31]} Kf8 {[%emt 0:01:56]} 34. Qd2 {[%emt 0:02:34]} Qa1+ {[%emt 0:01:20]} 35. Bf1 {[%emt 0:01:46]} Qe5 {[%emt 0:00:07]} 36. Rg3 {[%emt 0:02:33]} Ke7 {[%emt 0:02:40]} 37. Qe3 {[%emt 0:05:10]} 1/2-1/2

[Event "CZE-ch 2020"]
[Site "Pilsen"]
[Date "2020.08.24"]
[Round "2.16"]
[White "Malinovsky, Karel"]
[Black "Pokrupa, Marek"]
[Result "1/2-1/2"]
[WhiteElo "2474"]
[BlackElo "2164"]
[Annotator "ChessBase"]
[PlyCount "89"]
[EventDate "2020.08.23"]
[EventType "swiss"]
[EventCountry "CZE"]
[SourceTitle "playchess.com"]
[Source "ChessBase"]
[SourceQuality "1"]
[TimeControl "40/5400+30:1800+30"]

1. e4 {[%emt 0:00:00]} e6 {[%emt 0:00:00]} 2. d4 {[%emt 0:00:00]} d5 {[%emt 0:00:00]} 3. Nd2 {[%emt 0:00:21]} dxe4 {[%emt 0:00:35]} 4. Nxe4 {[%emt 0:00:09]} Nd7 {[%emt 0:00:04]} 5. Nf3 {[%emt 0:00:26]} Ngf6 {[%emt 0:00:04]} 6. Bd3 {[%emt 0:00:07]} Nxe4 {[%emt 0:03:00]} 7. Bxe4 {[%emt 0:00:09]} Nf6 {[%emt 0:00:04]} 8. Bg5 {[%emt 0:00:43]} Qd6 {[%emt 0:02:23]} 9. Bd3 {[%emt 0:01:26]} Be7 {[%emt 0:08:46]} 10. O-O {[%emt 0:01:59]} O-O {[%emt 0:14:19]} 11. Qe2 {[%emt 0:03:02]} Rd8 {[%emt 0:05:17]} 12. Ne5 {[%emt 0:13:47]} h6 {[%emt 0:11:12]} 13. Be3 {[%emt 0:09:20]} Bd7 {[%emt 0:16:29]} 14. Rad1 {[%emt 0:06:26]} Be8 {[%emt 0:01:30]} 15. c3 {[%emt 0:06:45]} Bf8 {[%emt 0:02:13]} 16. Bb1 {[%emt 0:02:51]} c5 {[%emt 0:03:18]} 17. Qc2 {[%emt 0:10:11]} g6 {[%emt 0:03:42]} 18. Qc1 {[%emt 0:01:17]} cxd4 {[%emt 0:04:37]} 19. Bxd4 {[%emt 0:01:08]} Qe7 {[%emt 0:00:59]} 20. c4 {[%emt 0:13:17]} Bg7 {[%emt 0:01:27]} 21. Qc3 {[%emt 0:00:32]} Rac8 {[%emt 0:07:21]} 22. Qe3 {[%emt 0:06:07]} b6 {[%emt 0:00:43]} 23. b3 {[%emt 0:01:41]} Nd7 {[%emt 0:02:57]} 24. g3 {[%emt 0:05:13]} Nxe5 {[%emt 0:00:30]} 25. Bxe5 {[%emt 0:00:07]} Bc6 {[%emt 0:00:54]} 26. Bxg7 {[%emt 0:03:10]} Kxg7 {[%emt 0:00:27]} 27. Be4 {[%emt 0:00:07]} Bxe4 {[%emt 0:05:14]} 28. Qxe4 {[%emt 0:01:57]} Rxd1 {[%emt 0:00:53]} 29. Rxd1 {[%emt 0:00:08]} Rd8 {[%emt 0:00:23]} 30. Rxd8 {[%emt 0:01:23]} Qxd8 {[%emt 0:00:03]} 31. b4 {[%emt 0:03:59]} Qd2 {[%emt 0:02:03]} 32. c5 {[%emt 0:01:49]} bxc5 {[%emt 0:00:52]} 33. Qe5+ {[%emt 0:00:09]} Kg8 {[%emt 0:02:44]} 34. bxc5 {[%emt 0:00:46]} a5 {[%emt 0:01:06]} 35. h4 {[%emt 0:04:04]} h5 {[%emt 0:00:31]} 36. Kg2 {[%emt 0:01:12]} Qc2 {[%emt 0:00:02]} 37. Qb8+ {[%emt 0:01:25]} Kg7 {[%emt 0:00:13]} 38. Qe5+ {[%emt 0:00:05]} Kg8 {[%emt 0:00:04]} 39. a3 {[%emt 0:00:36]} a4 {[%emt 0:00:11]} 40. Qb8+ {[%emt 0:00:36]} Kg7 {[%emt 0:00:07]} 41. Qd6 {[%emt 0:07:56]} Qe4+ {[%emt 0:04:01]} 42. Kg1 {[%emt 0:00:49]} Qe1+ {[%emt 0:00:13]} 43. Kg2 {[%emt 0:00:08]} Qe4+ {[%emt 0:00:10]} 44. Kh2 {[%emt 0:00:12]} Qe2 {[%emt 0:00:55]} 45. Kg2 {[%emt 0:03:16]} 1/2-1/2

[Event "CZE-ch 2020"]
[Site "Pilsen"]
[Date "2020.08.24"]
[Round "2.17"]
[White "Gnojek, Petr"]
[Black "Havelka, Josef"]
[Result "0-1"]
[WhiteElo "2225"]
[BlackElo "2367"]
[Annotator "TA"]
[PlyCount "120"]
[EventDate "2020.08.23"]
[EventType "swiss"]
[EventCountry "CZE"]
[SourceTitle "playchess.com"]
[Source "ChessBase"]
[SourceQuality "1"]

{[%evp 14,120,50,45,49,43,54,8,20,7,56,54,62,29,39,23,35,34,100,101,114,93,95,90,108,96,108,86,89,84,99,72,72,72,81,85,77,47,55,50,45,10,11,19,12,0,0,0,0,0,0,0,8,-7,8,-16,-16,-16,-8,-16,-16,-17,-17,-160,-65,-65,-64,-170,-107,-109,-85,-106,-42,-166,-88,-83,-35,-40,-40,-41,-41,-42,-47,-498,-489,-373,-365,-29960,-29965,-5501,-3760,-2689,-2333,-5014,-2373,-29972,-29973,-29976,-29971,-29972,-29973,-29973,-29974,-29970,-29971,-29975,-29976,-29980,-29981]} 1. d4 Nf6 2. c4 g6 3. f3 Bg7 4. e4 d6 5. Nc3 O-O 6. Be3 Nc6 7. Nge2 a6 8. Qd2 Na5 {E83: King's Indian: Sämisch Panno (6...Nc6): Lines without either Nge2 or Qd2.} 9. Nc1 Nd7 10. Be2 {is the legacy move (10.Nb3).} c5 $1 {The position is equal.} 11. dxc5 dxc5 (11... Ne5 {feels hotter.} 12. b3 dxc5 13. Rb1 Qxd2+ 14. Bxd2 Nac6) 12. Nb3 {[#]} Nc6 $146 ({Predecessor:} 12... b5 13. Nxc5 Nxc5 14. Bxc5 Nxc4 15. Bxc4 Qxd2+ 16. Kxd2 bxc4 17. Bxe7 Re8 18. Nd5 f5 {½-½ (30) Parligras,M (2565)-Guseinov,G (2631) Abu Dhabi 2013}) 13. Nxc5 (13. Bh6 {with more complications.} b6 14. Bxg7 Kxg7 15. O-O-O e5 16. h4) 13... Nxc5 14. Qxd8 Rxd8 15. Bxc5 Bd4 ({Better is} 15... Be6 $14) 16. Bxd4 $16 Nxd4 17. Rd1 e5 18. Nd5 Be6 19. Kf2 Kg7 20. Nc7 Rac8 21. Nxe6+ Nxe6 22. Rxd8 Rxd8 {[%mdl 4096] Endgame KRB-KRN} 23. Rd1 Nd4 24. c5 a5 25. Rc1 Ne6 26. Ke3 Rc8 27. a3 (27. c6 $5 Rxc6 28. Rxc6 bxc6 29. g3 $11) 27... Rxc5 28. Rxc5 Nxc5 $11 {KB-KN} 29. b4 axb4 30. axb4 Ne6 31. Bc4 Nd4 32. Kd2 f5 33. Bd3 Kf6 34. Ke3 f4+ 35. Kd2 $1 g5 36. Be2 Kg6 37. Bd1 Kh5 38. Ke1 {[#]} (38. Kc3 $11 {remains equal.}) 38... b6 (38... Kh4 $1 $17 39. Kf2 b6) 39. Kd2 $15 Kh4 40. Ke1 (40. Kd3 $15 b5 41. Kd2) 40... Nc6 ({Black should play} 40... h5 $19 41. Kf2 Nc6) 41. b5 $17 Nd4 42. Be2 h5 43. Bf1 (43. Kf2 $1 $15) 43... g4 $19 44. fxg4 hxg4 {aiming for ...g3.} 45. Kf2 $1 Kg5 46. Bd3 Kf6 47. Bc4 Ke7 48. Bf1 $2 {[%mdl 8192]} (48. g3 $1 $15) 48... Kd6 49. Bd3 Kc5 50. h3 $2 (50. Bb1 $19 Nxb5 51. h4) 50... g3+ 51. Kf1 Kd6 52. Bc4 Ke7 53. Kg1 Kf6 54. Kf1 Kg5 {Black mates.} 55. Kg1 Kh4 56. Bf1 f3 57. gxf3 Nxf3+ 58. Kg2 Ng5 59. Bd3 Nxh3 60. Kf3 {[#]} g2 $1 {[%mdl 576] Decoy. Accuracy: White = 60%, Black = 85%.} 0-1

[Event "CZE-ch 2020"]
[Site "Pilsen"]
[Date "2020.08.24"]
[Round "2.18"]
[White "Hollan, Martin"]
[Black "Jun, Rudolf"]
[Result "1-0"]
[WhiteElo "2346"]
[BlackElo "2094"]
[Annotator "ChessBase"]
[PlyCount "105"]
[EventDate "2020.08.23"]
[EventType "swiss"]
[EventCountry "CZE"]
[SourceTitle "playchess.com"]
[Source "ChessBase"]
[SourceQuality "1"]
[TimeControl "40/5400+30:1800+30"]

1. d4 {[%emt 0:00:00]} Nf6 {[%emt 0:00:00]} 2. Nf3 {[%emt 0:00:00]} g6 {[%emt 0:00:21]} 3. c4 {[%emt 0:00:00]} Bg7 {[%emt 0:00:35]} 4. Nc3 {[%emt 0:00:00]} O-O {[%emt 0:00:19]} 5. e4 {[%emt 0:00:05]} d6 {[%emt 0:00:46]} 6. Be2 {[%emt 0:00:07]} e5 {[%emt 0:00:55]} 7. d5 {[%emt 0:00:15]} a5 {[%emt 0:00:39]} 8. Bg5 {[%emt 0:00:38]} Na6 {[%emt 0:03:49]} 9. Nd2 {[%emt 0:00:22]} h6 {[%emt 0:02:08]} 10. Be3 {[%emt 0:00:29]} Nc5 {[%emt 0:01:41]} 11. a3 {[%emt 0:02:35]} Qe7 {[%emt 0:26:45]} 12. b4 {[%emt 0:01:40]} Ncxe4 {[%emt 0:20:07]} 13. Ncxe4 {[%emt 0:01:33]} Nxe4 {[%emt 0:02:09]} 14. Nxe4 {[%emt 0:00:08]} f5 {[%emt 0:00:07]} 15. bxa5 {[%emt 0:23:22]} fxe4 {[%emt 0:02:52]} 16. Qd2 {[%emt 0:00:10]} Bd7 {[%emt 0:03:04]} 17. O-O {[%emt 0:09:18]} Bf6 {[%emt 0:06:48]} 18. Rab1 {[%emt 0:07:49]} Bg5 {[%emt 0:04:09]} 19. Rxb7 {[%emt 0:02:11]} Bxe3 {[%emt 0:00:33]} 20. Qxe3 {[%emt 0:03:36]} Rxa5 {[%emt 0:05:06]} 21. Qxh6 {[%emt 0:03:25]} Be8 {[%emt 0:06:10]} 22. Bg4 {[%emt 0:03:48]} Bf7 {[%emt 0:02:58]} 23. Be6 {[%emt 0:01:29]} Bxe6 {[%emt 0:00:37]} 24. Qxg6+ {[%emt 0:00:07]} Kh8 {[%emt 0:00:49]} 25. Qh6+ {[%emt 0:05:08]} Kg8 {[%emt 0:01:16]} 26. dxe6 {[%emt 0:05:46]} Rxa3 {[%emt 0:01:26]} 27. Qg6+ {[%emt 0:00:41]} Kh8 {[%emt 0:00:19]} 28. Qxe4 {[%emt 0:00:37]} Rc3 {[%emt 0:06:56]} 29. Qc6 {[%emt 0:01:08]} Qxe6 {[%emt 0:00:22]} 30. Qxc7 {[%emt 0:00:39]} Qg6 {[%emt 0:00:23]} 31. Rb8 {[%emt 0:06:21]} Rxb8 {[%emt 0:00:29]} 32. Qxb8+ {[%emt 0:00:07]} Kg7 {[%emt 0:00:25]} 33. Qc7+ {[%emt 0:00:13]} Kh6 {[%emt 0:00:28]} 34. Rd1 {[%emt 0:01:06]} Rd3 {[%emt 0:00:30]} 35. Rxd3 {[%emt 0:05:12]} Qxd3 {[%emt 0:00:08]} 36. h3 {[%emt 0:00:08]} Kg6 {[%emt 0:00:57]} 37. Qc8 {[%emt 0:00:38]} Qb1+ {[%emt 0:00:28]} 38. Kh2 {[%emt 0:00:06]} Kf6 {[%emt 0:00:24]} 39. c5 {[%emt 0:00:53]} dxc5 {[%emt 0:00:51]} 40. Qc6+ {[%emt 0:00:21]} Kg5 {[%emt 0:00:39]} 41. Qxc5 {[%emt 0:30:09]} Kf5 {[%emt 0:01:14]} 42. g4+ {[%emt 0:00:00]} Ke6 {[%emt 0:00:26]} 43. Qe3 {[%emt 0:00:00]} Kf6 {[%emt 0:01:16]} 44. h4 {[%emt 0:00:00]} e4 {[%emt 0:02:21]} 45. Qf4+ {[%emt 0:00:00]} Kg6 {[%emt 0:00:45]} 46. h5+ {[%emt 0:00:00]} Kg7 {[%emt 0:00:07]} 47. Qg5+ {[%emt 0:00:00]} Kf7 {[%emt 0:00:29]} 48. Qf5+ {[%emt 0:00:00]} Kg7 {[%emt 0:00:15]} 49. g5 {[%emt 0:00:00]} Qb8+ {[%emt 0:00:26]} 50. Kg2 {[%emt 0:00:00]} Qb7 {[%emt 0:00:11]} 51. h6+ {[%emt 0:00:00]} Kh8 {[%emt 0:00:08]} 52. Qf8+ {[%emt 0:00:00]} Kh7 {[%emt 0:00:06]} 53. Qg7+ {[%emt 0:00:00]} 1-0

[Event "CZE-ch 2020"]
[Site "Pilsen"]
[Date "2020.08.24"]
[Round "2.19"]
[White "Taus, Martin"]
[Black "Cerveny, Petr"]
[Result "0-1"]
[WhiteElo "2142"]
[BlackElo "2340"]
[Annotator "TA"]
[PlyCount "100"]
[EventDate "2020.08.23"]
[EventType "swiss"]
[EventCountry "CZE"]
[SourceTitle "playchess.com"]
[Source "ChessBase"]
[SourceQuality "1"]

{[%evp 16,100,30,10,29,22,18,0,16,23,22,-13,-13,-37,-37,-87,-93,-93,-89,-89,-83,-99,-89,-80,0,0,0,0,0,-15,-7,-8,-2,-7,-10,-25,-27,-18,-8,-30,-38,-35,-33,-34,-41,-37,-24,-45,-45,-34,-26,-58,-48,-62,-62,-56,-61,-182,-158,-569,-547,-729,-735,-618,-624,-564,-506,-5828,-2293,-12835,-12835,-12835,-12835,-12835,-9421,-2639,-2969,-12840,-12841,-12846,-12840,-12844,-12844,-12845,-12845,-12845,-12846]} 1. e4 c6 2. d4 d5 3. exd5 cxd5 4. c4 Nf6 5. Nc3 Nc6 6. Nf3 Be6 7. c5 g6 8. Bb5 Bg7 9. Ne5 Qc8 {B13: Caro-Kann: Exchange Variation and Panov-Botvinnik Attack.} 10. Qa4 {[%cal Re5c6]} Bd7 11. Bg5 e6 {[#] The position is equal.} 12. O-O $146 ({Predecessor:} 12. f4 O-O 13. O-O a6 14. Bxc6 Bxc6 15. Qc2 Re8 16. Qf2 Nd7 17. Bh4 b6 18. cxb6 Nxb6 {0-1 (44) Erdelyi,Z (2244)-Tian,T (2224) Budapest 2001}) 12... O-O 13. Bxc6 Bxc6 14. Qa5 Nd7 15. Be7 Nxe5 16. dxe5 Bxe5 17. Bxf8 Qxf8 18. Rfe1 Bd4 19. Rac1 Bxc5 ({Better is} 19... Qh6 $17 {Hoping for ...Be5!} 20. Rc2 Bg7) 20. Nxd5 $1 $11 Bxf2+ 21. Kxf2 {[#] Strongly threatening Nf6+.} Bxd5 22. a3 Qh6 23. Kg1 Qg5 {[%csl Gd5][%cal Rg5g2]} 24. Rc2 a6 25. Rec1 Qe3+ 26. Kh1 Kg7 (26... h5 {with more complications.} 27. Re1 Qd3 28. Rd2 Qc4 29. Kg1 Rc8) 27. Qc3+ (27. Qd2 {keeps more tension.} Qxd2 28. Rxd2 Bc6 29. Kg1 f5 30. Rcd1) 27... Qxc3 28. Rxc3 {[%mdl 4096] Endgame KRR-KRB} Bc6 29. Rd1 f5 30. Kg1 Kf6 31. g3 g5 32. Kf2 g4 33. Rcd3 Bd5 $1 34. Rc3 h5 35. Rc7 Rh8 36. Ke3 (36. Rc3 $15) 36... h4 $19 37. Rxd5 $2 {White does not recover from this.} (37. Rc3 $17 {is a better chance.}) 37... exd5 {Black is clearly winning.} 38. Rxb7 {intending Kf4.} hxg3 39. hxg3 $17 {KR-KR} Rh2 40. Rb6+ Ke5 41. b4 (41. Rb8 $142 Rg2 42. Re8+ Kf6 43. Rf8+ Ke6 44. Kf4) 41... Rg2 $19 42. Rxa6 d4+ 43. Kd3 Rxg3+ 44. Kd2 Rb3 45. Kc2 Rc3+ 46. Kd2 g3 47. b5 f4 {[#] ( -> ...g2)} 48. b6 g2 49. b7 Rb3 50. Rg6 Rxb7 {Accuracy: White = 57%, Black = 97%.} 0-1

[Event "CZE-ch 2020"]
[Site "Pilsen"]
[Date "2020.08.24"]
[Round "2.20"]
[White "Nagy, Ladislav"]
[Black "Simek, Petr"]
[Result "1/2-1/2"]
[WhiteElo "2150"]
[BlackElo "2324"]
[Annotator "ChessBase"]
[PlyCount "77"]
[EventDate "2020.08.23"]
[EventType "swiss"]
[EventCountry "CZE"]
[SourceTitle "playchess.com"]
[Source "ChessBase"]
[SourceQuality "1"]
[TimeControl "40/5400+30:1800+30"]

1. e4 {[%emt 0:00:00]} c5 {[%emt 0:15:04]} 2. Nf3 {[%emt 0:00:05]} Nc6 {[%emt 0:00:05]} 3. Nc3 {[%emt 0:00:25]} Nf6 {[%emt 0:11:20]} 4. Bb5 {[%emt 0:02:40]} Nd4 {[%emt 0:00:14]} 5. e5 {[%emt 0:02:19]} Nxb5 {[%emt 0:00:06]} 6. Nxb5 {[%emt 0:01:06]} Nd5 {[%emt 0:00:11]} 7. Ng5 {[%emt 0:01:26]} f6 {[%emt 0:00:38]} 8. c4 {[%emt 0:09:10]} Nc7 {[%emt 0:36:50]} 9. Ne4 {[%emt 0:07:14]} Nxb5 {[%emt 0:02:42]} 10. cxb5 {[%emt 0:01:22]} d6 {[%emt 0:13:28]} 11. exd6 {[%emt 0:06:44]} exd6 {[%emt 0:00:57]} 12. O-O {[%emt 0:02:21]} Be7 {[%emt 0:04:45]} 13. Qh5+ {[%emt 0:04:52]} g6 {[%emt 0:00:37]} 14. Qd5 {[%emt 0:01:55]} Kf8 {[%emt 0:02:29]} 15. d4 {[%emt 0:07:19]} Kg7 {[%emt 0:00:16]} 16. Bf4 {[%emt 0:03:02]} Re8 {[%emt 0:01:09]} 17. Rfd1 {[%emt 0:11:42]} cxd4 {[%emt 0:02:10]} 18. Rxd4 {[%emt 0:04:26]} Qb6 {[%emt 0:00:25]} 19. Nxd6 {[%emt 0:09:14]} Bxd6 {[%emt 0:00:23]} 20. Qxd6 {[%emt 0:02:07]} Qxd6 {[%emt 0:00:31]} 21. Rxd6 {[%emt 0:01:35]} Be6 {[%emt 0:02:30]} 22. Rc1 {[%emt 0:03:23]} Re7 {[%emt 0:01:26]} 23. a3 {[%emt 0:02:17]} Kf7 {[%emt 0:01:14]} 24. h3 {[%emt 0:00:57]} Rc8 {[%emt 0:00:55]} 25. b6 {[%emt 0:05:46]} Rxc1+ {[%emt 0:01:02]} 26. Bxc1 {[%emt 0:00:02]} axb6 {[%emt 0:00:50]} 27. Rxb6 {[%emt 0:00:53]} Bd5 {[%emt 0:00:07]} 28. Bd2 {[%emt 0:03:37]} Bc6 {[%emt 0:00:19]} 29. Bc3 {[%emt 0:01:16]} f5 {[%emt 0:00:26]} 30. Rb4 {[%emt 0:01:09]} Re4 {[%emt 0:00:28]} 31. Rxe4 {[%emt 0:01:46]} Bxe4 {[%emt 0:00:05]} 32. f3 {[%emt 0:00:30]} Bd3 {[%emt 0:00:31]} 33. Kf2 {[%emt 0:00:52]} Ke6 {[%emt 0:00:06]} 34. g3 {[%emt 0:00:56]} Kd5 {[%emt 0:01:08]} 35. Ke3 {[%emt 0:00:20]} Bf1 {[%emt 0:00:05]} 36. h4 {[%emt 0:00:33]} h5 {[%emt 0:00:27]} 37. Kf4 {[%emt 0:01:02]} Ke6 {[%emt 0:00:22]} 38. Kg5 {[%emt 0:00:50]} Kf7 {[%emt 0:00:05]} 39. Kf4 {[%emt 0:00:33]} 1/2-1/2

[Event "CZE-ch 2020"]
[Site "Pilsen"]
[Date "2020.08.24"]
[Round "2.21"]
[White "Placer, Sebastian"]
[Black "Serrano Salvador, Eduardo"]
[Result "0-1"]
[WhiteElo "2097"]
[BlackElo "2299"]
[Annotator "ChessBase"]
[PlyCount "72"]
[EventDate "2020.08.23"]
[EventType "swiss"]
[EventCountry "CZE"]
[SourceTitle "playchess.com"]
[Source "ChessBase"]
[SourceQuality "1"]
[TimeControl "40/5400+30:1800+30"]

1. d4 {[%emt 0:00:00]} Nf6 {[%emt 0:07:52]} 2. c4 {[%emt 0:00:14]} Nc6 {[%emt 0:00:08]} 3. Nf3 {[%emt 0:00:18]} e6 {[%emt 0:00:11]} 4. Nc3 {[%emt 0:00:22]} Bb4 {[%emt 0:00:19]} 5. Qc2 {[%emt 0:00:53]} O-O {[%emt 0:00:35]} 6. e3 {[%emt 0:01:16]} d6 {[%emt 0:00:47]} 7. Be2 {[%emt 0:00:28]} e5 {[%emt 0:00:57]} 8. O-O {[%emt 0:09:09]} Bxc3 {[%emt 0:08:19]} 9. Qxc3 {[%emt 0:00:47]} Qe7 {[%emt 0:02:21]} 10. Re1 {[%emt 0:05:28]} a5 {[%emt 0:02:31]} 11. d5 {[%emt 0:05:36]} Nb8 {[%emt 0:00:42]} 12. Nd2 {[%emt 0:01:34]} c6 {[%emt 0:01:02]} 13. e4 {[%emt 0:00:59]} b5 {[%emt 0:09:28]} 14. cxb5 {[%emt 0:17:51]} cxd5 {[%emt 0:00:30]} 15. exd5 {[%emt 0:00:16]} Nxd5 {[%emt 0:00:24]} 16. Qb3 {[%emt 0:01:22]} Bb7 {[%emt 0:10:21]} 17. Bf3 {[%emt 0:06:20]} a4 {[%emt 0:01:40]} 18. Qa3 {[%emt 0:09:13]} Nd7 {[%emt 0:07:42]} 19. Nc4 {[%emt 0:02:40]} Nc5 {[%emt 0:01:58]} 20. Bxd5 {[%emt 0:04:13]} Bxd5 {[%emt 0:00:09]} 21. Nb6 {[%emt 0:00:15]} Bxg2 {[%emt 0:00:14]} 22. Nxa8 {[%emt 0:00:17]} Bxa8 {[%emt 0:00:15]} 23. Re3 {[%emt 0:13:36]} Qb7 {[%emt 0:01:27]} 24. f3 {[%emt 0:02:09]} Qxb5 {[%emt 0:04:33]} 25. b3 {[%emt 0:03:05]} f5 {[%emt 0:07:09]} 26. bxa4 {[%emt 0:04:00]} Qe8 {[%emt 0:01:12]} 27. Re2 {[%emt 0:01:58]} Qh5 {[%emt 0:02:49]} 28. Rf2 {[%emt 0:03:29]} f4 {[%emt 0:00:34]} 29. Bd2 {[%emt 0:02:09]} e4 {[%emt 0:04:31]} 30. Bc3 {[%emt 0:03:13]} exf3 {[%emt 0:01:26]} 31. Bd4 {[%emt 0:01:00]} Qg4+ {[%emt 0:03:03]} 32. Kh1 {[%emt 0:00:34]} Ne4 {[%emt 0:00:24]} 33. Qb3+ {[%emt 0:00:36]} Kh8 {[%emt 0:00:20]} 34. Rg1 {[%emt 0:00:19]} Ng3+ {[%emt 0:00:31]} 35. Rxg3 {[%emt 0:01:00]} fxg3 {[%emt 0:00:11]} 36. hxg3 {[%emt 0:00:12]} Qxd4 {[%emt 0:00:24]} 0-1

[Event "CZE-ch 2020"]
[Site "Pilsen"]
[Date "2020.08.24"]
[Round "2.22"]
[White "Smolik, Jachym"]
[Black "Rabatin, Jakub"]
[Result "0-1"]
[WhiteElo "2121"]
[BlackElo "2291"]
[Annotator "TA"]
[PlyCount "124"]
[EventDate "2020.08.23"]
[EventType "swiss"]
[EventCountry "CZE"]
[SourceTitle "playchess.com"]
[Source "ChessBase"]
[SourceQuality "1"]

{[%evp 9,124,-4,3,-5,-7,-30,-31,-70,-40,-23,-22,-12,8,0,4,-2,20,16,33,-25,6,-18,-4,-10,-8,-4,-6,-2,0,0,7,-37,-37,-33,-38,-48,-36,-36,-35,-43,-34,-52,-40,-57,-55,-47,-48,-37,-31,-57,-57,-58,-61,-62,-31,-22,-25,-32,-14,-35,-44,-85,-85,-78,-20,-97,-93,-94,-91,-141,-138,-337,-153,-168,-98,-101,0,-166,-160,-263,-259,-244,-209,-261,-259,-270,-261,-352,-277,-287,-255,-875,-932,-925,-875,-651,-812,-817,-908,-870,-819,-805,-805,-704,-629,-912,-844,-877,-894,-835,-840,-780,-760,-29975,-29974,-29973,-29970]} 1. d4 Nf6 2. Nf3 b6 3. b3 g6 4. Bb2 Bg7 5. Nbd2 Bb7 6. c4 {A47: 1 d4 Nf6 2 Nf3 b6: Torre, London and Colle Systems.} O-O 7. Qc2 {[#]} c5 $146 ({Predecessor:} 7... e6 8. e4 d5 9. Bd3 Na6 10. a3 dxe4 11. Nxe4 Nxe4 12. Bxe4 Bxe4 13. Qxe4 c5 {0-1 (43) Steenstrup,S (1916)-Lokander,M (2333) Ballerup 2017}) 8. e4 {Black is slightly better.} cxd4 9. Nxd4 e6 10. Be2 d5 11. exd5 exd5 12. O-O Na6 13. Rad1 Rc8 14. Nb5 (14. Qb1 $14) 14... Nc7 {...Nxb5 is the strong threat.} 15. Nxa7 Ra8 16. Nb5 Nxb5 17. cxb5 Rxa2 18. Qb1 $1 {[%cal Rb1a2]} Ra8 19. Bf3 Qc7 20. Qd3 {[#]} Ng4 $1 $36 {[%mdl 2624] Discovered Attack. White is under pressure.} 21. Bxg4 Bxb2 22. Bf3 Rfd8 23. Rfe1 Bf6 24. Rc1 Qd7 25. Red1 Rac8 26. h3 h5 27. Nf1 Rxc1 28. Rxc1 Bg5 29. Rd1 d4 30. Bxb7 Qxb7 31. Nh2 Qd5 32. Nf3 Bf6 33. Rc1 Rd6 34. Nd2 Re6 35. Qc4 Qf5 36. Nf3 Rd6 (36... d3 $1 $17) 37. Qc8+ (37. Qc7 $11 {remains equal.} Rd5 38. Qxb6) 37... Qxc8 $17 38. Rxc8+ {[%mdl 4096] Endgame KRB-KRN} Kg7 39. Rc6 {[#]} Rd5 $1 40. Nd2 $2 (40. Rc1 $17 {keeps fighting.}) 40... d3 (40... Rxb5 41. Kf1 $17) (40... Bg5 $19 41. Rc2 d3) 41. g3 (41. Rxb6 $2 Bg5 $19) 41... Be7 ({Much less strong is} 41... Rxb5 42. Rd6 $15) (41... h4 $19 {aiming for ...hxg3.} 42. Kf1 Bg5) 42. Rc4 Bf6 (42... Ba3 $17) 43. Rc6 $1 $19 {Black keeps a firm grip on the game.} h4 {Hoping for ...hxg3.} ({Resist} 43... Rxb5 44. Rd6 $15) 44. Kg2 {[#]} (44. Kf1 $17 {might work better.}) 44... hxg3 $1 ({Less strong is} 44... Rxb5 45. Rd6 $15) 45. Kxg3 Rxb5 46. f4 Be7 {White must now prevent ...Bb4.} 47. Rc3 Rd5 {And now ...Bb4 would win.} 48. Rc4 b5 49. Re4 Bc5 50. Re5 $2 (50. Kf3) 50... Rxe5 51. fxe5 {KB-KN} Bb4 52. Ne4 d2 53. Nf2 Bc5 54. Nd1 Kf8 55. Kf3 Ke7 56. Ke2 Bb4 57. Kd3 Ke6 58. Kd4 Bf8 59. Ne3 Bh6 {( -> ...Bxe3+)} 60. Nd1 Bf4 61. Kc5 Kxe5 62. Kxb5 Kd4 {Accuracy: White = 61%, Black = 83%.} 0-1